000 00613nam a2200229Ia 4500
003 OSt
005 20221006164521.0
006 a|||||r|||| 00| 0
007 ta
008 221006b |||||||| |||| 00| 0 eng d
024 _a2,198
037 _cTextual
040 _aFML
_cFML
_beng
041 _2eng
_aeng
082 _aNW44wN29, N5
100 _aRaju Bharatan Au.
_9677663
245 0 _aLata Mangeshkar
_b A Biography
260 _aNew Delhi
_bU B S Publication
_c1995
300 _a385
_ccm.
942 _hNW44wN29, N5
_cTEXL
_2CC
999 _c1117528
_d1117528